Auditing (Record no. 332)
[ view plain ]
| 000 -LEADER | |
|---|---|
| fixed length control field | 00870 a2200229 4500 |
| 005 - DATE AND TIME OF LATEST TRANSACTION | |
| control field | 20080819160440.0 |
| 008 - FIXED-LENGTH DATA ELEMENTS--GENERAL INFORMATION | |
| fixed length control field | 080819t xxu||||| |||| 00| 0 eng d |
| 010 ## - LIBRARY OF CONGRESS CONTROL NUMBER | |
| LC control number | ENG-84763 |
| 020 ## - INTERNATIONAL STANDARD BOOK NUMBER | |
| International Standard Book Number | 8182180090 |
| Terms of availability | 125.00 |
| 035 ## - SYSTEM CONTROL NUMBER | |
| System control number | EN-68296 |
| 037 ## - SOURCE OF ACQUISITION | |
| Source of stock number/acquisition | D.B.Act / Pub |
| 040 ## - CATALOGING SOURCE | |
| Original cataloging agency | dpl |
| Language of cataloging | English |
| 082 ## - DEWEY DECIMAL CLASSIFICATION NUMBER | |
| Classification number | 657.45 |
| 100 ## - MAIN ENTRY--PERSONAL NAME | |
| Personal name | Singh, A. K. |
| 245 ## - TITLE STATEMENT | |
| Title | Auditing |
| Remainder of title | theory and practice |
| Statement of responsibility, etc | by A. K. Singh |
| 260 ## - PUBLICATION, DISTRIBUTION, ETC. (IMPRINT) | |
| Place of publication, distribution, etc | New Delhi |
| Name of publisher, distributor, etc | Galgotia Publishing Company |
| Date of publication, distribution, etc | 2006 |
| 270 ## - ADDRESS | |
| Address | 6A/4, WEA, Karol Bagh, |
| City | New Delhi |
| State or province | Delhi |
| Postal code | 110005 |
| Telephone number | 41450694 |
| Fax number | 23755150 |
| Electronic mail address | galgotiabooks@rediffmail.com |
| 300 ## - PHYSICAL DESCRIPTION | |
| Extent | 257 p. |
| Dimensions | 23 cm (Pbk) |
| 650 ## - SUBJECT ADDED ENTRY--TOPICAL TERM | |
| Topical term or geographic name as entry element | Auditing |
| 942 ## - ADDED ENTRY ELEMENTS (KOHA) | |
| Institution code [OBSOLETE] | dpl |
| Koha item type | English Books |
| Call number prefix | 657.45 / SIN |
| Source of classification or shelving scheme | Dewey Decimal Classification |
| Classification part | 657.45 |
| Call number suffix | SIN |
| Withdrawn status | Lost status | Damaged status | Not for loan | Collection code | Home library | Current library | Date acquired | Cost, normal purchase price | Total Checkouts | Full call number | Barcode | Date last seen | Copy number | Uniform Resource Identifier | Cost, replacement price | Price effective from | Koha item type |
|---|---|---|---|---|---|---|---|---|---|---|---|---|---|---|---|---|---|
| Not For Loan | Non-fiction | D.B.Act.Division | D.B.Act.Division | 19/08/2008 | 125.00 | 657.45 SIN | EN-68296 | 15/09/2008 | 1 | 341 | 125.00 | 15/09/2008 | English Books |
